[Event "Druzynowe Mistrzostwa Polski - II Liga S"]
[Site "Ustron/Slaski Zwiazek Szachowy"]
[Date "2008.09.14"]
[Round "9.30"]
[White "Bursa, Renata"]
[Black "Rzepecka, Dorota"]
[Result "0-1"]
[WhiteElo "2065"]
[BlackElo "1924"]
[PlyCount "102"]
[EventDate "2008.??.??"]

1. e4 e6 2. d3 d5 3. Nd2 Nf6 4. Ngf3 Be7 5. g3 b6 6. e5 Nfd7 7. Bg2 c5 8. O-O
Nc6 9. Re1 Qc7 10. Qe2 Bb7 11. h4 h6 12. h5 O-O 13. Nf1 Rac8 14. Bf4 Nd4 15.
Nxd4 cxd4 16. Rac1 Nc5 17. Nh2 Na4 18. Qg4 Kh7 19. Nf3 Qc5 20. Bd2 Nxb2 21.
Nxd4 Qa3 22. Rb1 Na4 23. Bh3 Rce8 24. f4 Bc5 25. Be3 Bxd4 26. Bxd4 Bc8 27. Qf3
Qe7 28. Qe3 Nc5 29. Rb5 Nb7 30. Qf2 Bd7 31. Rbb1 Nc5 32. Bxc5 Qxc5 33. Qxc5
bxc5 34. Rb2 Bc6 35. c3 a5 36. Rb6 Rc8 37. f5 Rfe8 38. Ra6 Bb5 39. Rxa5 Bxd3
40. fxe6 fxe6 41. Re3 Bc4 42. Rf3 d4 43. cxd4 cxd4 44. Ra7 d3 45. Rff7 Rg8 46.
Bg4 Rb8 47. Bf3 d2 48. Rfd7 Rb1+ 49. Kf2 Bd5 50. a4 Bxf3 51. Rxd2 Bxh5 0-1

[Event "Druzynowe Mistrzostwa Polski - II Liga S"]
[Site "Ustron/Slaski Zwiazek Szachowy"]
[Date "2008.09.14"]
[Round "9.31"]
[White "Juroszek, Tadeusz"]
[Black "Slabek, Grzegorz"]
[Result "1/2-1/2"]
[WhiteElo "2397"]
[BlackElo "2160"]
[PlyCount "42"]
[EventDate "2008.??.??"]

1. Nf3 Nf6 2. c4 g6 3. b4 Bg7 4. Bb2 O-O 5. e3 a5 6. b5 b6 7. Be2 Bb7 8. O-O c5
9. d3 d6 10. Nc3 Nbd7 11. Qc2 Qc7 12. Rfd1 e6 13. Rac1 Rad8 14. Na4 Rfe8 15.
Qb1 Qb8 16. d4 Qc7 17. Qa1 cxd4 18. Bxd4 e5 19. Bb2 Ne4 20. Nd2 Ndc5 21. Nxc5
Nxc5 1/2-1/2

[Event "Druzynowe Mistrzostwa Polski - II Liga S"]
[Site "Ustron/Slaski Zwiazek Szachowy"]
[Date "2008.09.14"]
[Round "9.32"]
[White "Gbyl, Andrzej"]
[Black "Flasinski, Michal"]
[Result "1/2-1/2"]
[WhiteElo "2236"]
[BlackElo "2236"]
[PlyCount "79"]
[EventDate "2008.??.??"]

1. d4 Nf6 2. c4 e6 3. Nf3 Bb4+ 4. Bd2 Qe7 5. g3 O-O 6. Bg2 Nc6 7. O-O Bxd2 8.
Qxd2 d6 9. Nc3 e5 10. Nd5 Qd8 11. Rfd1 Bg4 12. dxe5 dxe5 13. Qg5 Bxf3 14. Nxf6+
Qxf6 15. Qxf6 gxf6 16. Bxf3 Nd4 17. Kg2 Rad8 18. e3 Nxf3 19. Kxf3 Kg7 20. Ke4
Kg6 21. h4 h5 22. b4 f5+ 23. Kf3 Kf6 24. a4 Ke6 25. b5 Rg8 26. a5 Rxd1 27. Rxd1
Rg4 28. Rc1 c5 29. bxc6 bxc6 30. Rb1 Rxc4 31. Rb7 Ra4 32. Rxa7 c5 33. a6 c4 34.
Ra8 c3 35. Ke2 e4 36. Kd1 Ra2 37. Kc1 Kf6 38. a7 c2 39. Kd2 Kg7 40. Kc1 1/2-1/2

[Event "Druzynowe Mistrzostwa Polski - II Liga S"]
[Site "Ustron/Slaski Zwiazek Szachowy"]
[Date "2008.09.14"]
[Round "9.33"]
[White "Wojciechowski, Piotr"]
[Black "Zaskalski, Arkadiusz"]
[Result "1-0"]
[WhiteElo "2247"]
[BlackElo "2217"]
[PlyCount "86"]
[EventDate "2008.??.??"]

1. e4 c5 2. Nf3 d6 3. d4 cxd4 4. Nxd4 Nf6 5. Nc3 g6 6. Be3 Bg7 7. f3 Nc6 8. Qd2
O-O 9. O-O-O d5 10. exd5 Nxd5 11. Nxc6 bxc6 12. Bd4 Bxd4 13. Qxd4 Qb6 14. Na4
Qa5 15. a3 e5 16. Qc5 Qxa4 17. Bc4 Nb4 18. Bb3 Qb5 19. Qxb5 cxb5 20. axb4 a5
21. Rhe1 axb4 22. Rxe5 Ra1+ 23. Kd2 Rd8+ 24. Rd5 Rxd5+ 25. Bxd5 Ra6 26. Ke2 Bf5
27. Bb3 Be6 28. Rd8+ Kg7 29. Bxe6 Rxe6+ 30. Kd2 Kf6 31. Rd5 Re5 32. Rd4 Rh5 33.
h4 b3 34. cxb3 g5 35. hxg5+ Rxg5 36. g4 h5 37. gxh5 Rxh5 38. Kc3 Rh3 39. Rf4+
Ke6 40. Kd3 f5 41. Ke3 Rh8 42. Rd4 Rb8 43. Kf4 Rb7 {zapis nieczytelny
} 1-0

[Event "Druzynowe Mistrzostwa Polski - II Liga S"]
[Site "Ustron/Slaski Zwiazek Szachowy"]
[Date "2008.09.14"]
[Round "9.34"]
[White "Szromba, Krzysztof"]
[Black "Gola, Karol"]
[Result "1/2-1/2"]
[WhiteElo "2186"]
[BlackElo "2174"]
[PlyCount "52"]
[EventDate "2008.??.??"]

1. d4 d5 2. c4 dxc4 3. Nf3 Nf6 4. Nc3 a6 5. a4 Nc6 6. Bg5 Na5 7. e3 h6 8. Bh4
Bg4 9. Qc2 Bxf3 10. gxf3 Nd5 11. Ne4 b5 12. Nc5 c6 13. Bh3 Ra7 14. axb5 axb5
15. Be6 Qb6 16. Rg1 g5 17. Qf5 Nf6 18. e4 Nb3 19. Nxb3 cxb3 20. Rxa7 Qxa7 21.
Bxb3 Qa1+ 22. Bd1 Qa5+ 23. Kf1 gxh4 24. Qc8+ Qd8 25. Qxc6+ Qd7 26. Qa8+ Qd8
1/2-1/2

[Event "Druzynowe Mistrzostwa Polski - II Liga S"]
[Site "Ustron/Slaski Zwiazek Szachowy"]
[Date "2008.09.14"]
[Round "9.35"]
[White "Duda, Lukasz"]
[Black "Wolak, Jacek"]
[Result "1/2-1/2"]
[WhiteElo "2150"]
[BlackElo "2093"]
[PlyCount "85"]
[EventDate "2008.??.??"]

1. e4 e6 2. d4 d5 3. exd5 exd5 4. Bd3 Nc6 5. Nf3 Bd6 6. c3 Bg4 7. O-O Nge7 8.
b4 Qd7 9. a4 O-O 10. Nbd2 Ng6 11. Qc2 Nce7 12. b5 h6 13. c4 c6 14. Ba3 Nf4 15.
Bxd6 Qxd6 16. Rfe1 Nxd3 17. Qxd3 Bf5 18. Qe3 Rfe8 19. c5 Qd7 20. Ne5 Qe6 21.
Qg3 Ng6 22. Ndf3 Be4 23. Nxg6 Qxg6 24. Qxg6 Bxg6 25. Rxe8+ Rxe8 26. Ne5 Bc2 27.
bxc6 bxc6 28. Nxc6 Bxa4 29. Ne5 f6 30. Nf3 Rb8 31. Kf1 Rb4 32. Ke1 g5 33. g4 h5
34. gxh5 g4 35. Nh4 Rxd4 36. c6 Bxc6 37. Rxa7 Rb4 38. Rc7 Be8 39. h6 Rc4 40.
Rb7 Re4+ 41. Kd2 Re5 42. Rg7+ Kh8 43. Rxg4 1/2-1/2

[Event "Druzynowe Mistrzostwa Polski - II Liga S"]
[Site "Ustron/Slaski Zwiazek Szachowy"]
[Date "2008.09.14"]
[Round "9.36"]
[White "Kaminska, Paulina"]
[Black "Szydlowska, Marta"]
[Result "1/2-1/2"]
[WhiteElo "1919"]
[BlackElo "2032"]
[PlyCount "95"]
[EventDate "2008.??.??"]

1. e4 c6 2. d4 d5 3. Nd2 dxe4 4. Nxe4 Nf6 5. Nxf6+ gxf6 6. Nf3 Bf5 7. Bd3 Nd7
8. c3 Bxd3 9. Qxd3 Qc7 10. Be3 O-O-O 11. O-O-O e6 12. Kb1 Nb6 13. Qc2 Kb8 14.
c4 c5 15. dxc5 Bxc5 16. Bxc5 Qxc5 17. b3 Qb4 18. Rxd8+ Rxd8 19. Rd1 Rc8 20. Rd4
e5 21. Qd2 Qe7 22. Rd6 Kc7 23. c5 Nd7 24. Qa5+ Kb8 25. b4 f5 26. Nd2 Nf6 27.
Qa4 e4 28. Nc4 f4 29. Qb3 Ng4 30. Rd2 f5 31. h3 Ne5 32. Nd6 Rf8 33. Rd5 f3 34.
gxf3 Nxf3 35. Qe3 Qe6 36. Rd1 Qe5 37. Qh6 Qe7 38. Qf4 Qe5 39. Qh6 Qe7 40. Qf4
Qg5 41. Qe3 Qxe3 42. fxe3 f4 43. Nxe4 fxe3 44. Nc3 Kc8 45. Rd6 a5 46. Kc1 h5
47. Rh6 Rg8 48. Nd5 1/2-1/2

[Event "Druzynowe Mistrzostwa Polski - II Liga S"]
[Site "Ustron/Slaski Zwiazek Szachowy"]
[Date "2008.09.14"]
[Round "9.37"]
[White "Mikrut, Dariusz"]
[Black "Grabowski, Pawel"]
[Result "1/2-1/2"]
[WhiteElo "2397"]
[BlackElo "2296"]
[PlyCount "49"]
[EventDate "2008.??.??"]

1. d4 Nf6 2. c4 g6 3. Nc3 Bg7 4. e4 d6 5. f3 c6 6. Be3 a6 7. Qd2 b5 8. O-O-O
O-O 9. Bh6 Qa5 10. h4 Nbd7 11. Bxg7 Kxg7 12. h5 b4 13. Nb1 e5 14. g4 exd4 15.
Qxd4 Qg5+ 16. Rd2 d5 17. exd5 cxd5 18. f4 Qxg4 19. h6+ Kg8 20. Bh3 Qh4 21. Bg2
Qe1+ 22. Rd1 Qe7 23. Bxd5 Rb8 24. Nf3 Qc5 25. Rhe1 1/2-1/2

[Event "Druzynowe Mistrzostwa Polski - II Liga S"]
[Site "Ustron/Slaski Zwiazek Szachowy"]
[Date "2008.09.14"]
[Round "9.38"]
[White "Stuczynski, Andrzej"]
[Black "Szczechowicz, Bartosz"]
[Result "0-1"]
[WhiteElo "2253"]
[BlackElo "2270"]
[PlyCount "108"]
[EventDate "2008.??.??"]

1. e4 c6 2. Nc3 d5 3. d4 dxe4 4. Nxe4 Bf5 5. Ng3 Bg6 6. h4 h6 7. Nf3 Nd7 8. h5
Bh7 9. Bd3 Bxd3 10. Qxd3 e6 11. Bf4 Qa5+ 12. Bd2 Qc7 13. O-O-O Ngf6 14. Ne4
O-O-O 15. g3 Nc5 16. Nxc5 Bxc5 17. Bf4 Bd6 18. Bxd6 Rxd6 19. Qa3 Kb8 20. Ne5
Rhd8 21. f4 Ne4 22. Qe3 f5 23. g4 c5 24. dxc5 Nxc5 25. Rxd6 Rxd6 26. g5 Rd8 27.
gxh6 gxh6 28. Rg1 Qa5 29. Rd1 Ne4 30. Rxd8+ Qxd8 31. b3 Qh4 32. Nd7+ Kc8 33.
Nc5 Qxh5 34. Nxe6 Qf7 35. Nd4 Qg6 36. Qd3 h5 37. Nf3 a6 38. Ne5 Qd6 39. Qc4+
Kb8 40. Qg8+ Ka7 41. Qg1+ Qb6 42. Qg7 h4 43. Nc4 Qf2 44. Qh6 Qd4 45. Kb1 Nc3+
46. Kb2 Nd5+ 47. Kb1 Qxf4 48. Qe6 Qe4 49. Qd7 h3 50. Nd6 Qe1+ 51. Kb2 Qc3+ 52.
Kb1 Qc6 53. Qxc6 bxc6 54. Nxf5 Nc3+ 0-1

[Event "Druzynowe Mistrzostwa Polski - II Liga S"]
[Site "Ustron/Slaski Zwiazek Szachowy"]
[Date "2008.09.14"]
[Round "9.39"]
[White "Wcislo, Damian"]
[Black "Gawronski, Miroslaw"]
[Result "0-1"]
[WhiteElo "2216"]
[BlackElo "2279"]
[PlyCount "38"]
[EventDate "2008.??.??"]

1. d4 d5 2. c4 dxc4 3. e4 Nc6 4. Nf3 Bg4 5. d5 Ne5 6. Bf4 Bxf3 7. Qxf3 Nd3+ 8.
Bxd3 cxd3 9. Qxd3 c6 10. Nc3 e6 11. O-O-O Nf6 12. dxe6 fxe6 13. Qc4 Qc8 14. Bd6
Bxd6 15. Rxd6 Kf7 16. Rhd1 Re8 17. f4 Kf8 18. Ne2 e5 19. fxe5 Rxe5 {
dalej oba zapisy niepoprawne} 0-1

[Event "Druzynowe Mistrzostwa Polski - II Liga S"]
[Site "Ustron/Slaski Zwiazek Szachowy"]
[Date "2008.09.14"]
[Round "9.42"]
[White "Flazinska, Anna"]
[Black "Pokojska, Daria"]
[Result "1/2-1/2"]
[WhiteElo "1829"]
[BlackElo "2150"]
[PlyCount "138"]
[EventDate "2008.??.??"]

1. e4 c5 2. Nf3 Nc6 3. d4 cxd4 4. Nxd4 e5 5. Nb5 d6 6. N1c3 a6 7. Na3 b5 8. Nd5
Nce7 9. c4 Nxd5 10. cxd5 f5 11. Bd3 fxe4 12. Bxe4 Nf6 13. Bc2 Be7 14. O-O O-O
15. h3 Bb7 16. Bb3 Ne4 17. Be3 Bg5 18. Bc2 Bxe3 19. Bxe4 Qh4 20. Bxh7+ Qxh7 21.
fxe3 Rxf1+ 22. Qxf1 Rf8 23. Qe2 Bxd5 24. b3 Qg6 25. Kh2 Be4 26. Rc1 d5 27. Qb2
Qg5 28. Re1 b4 29. Nb1 Bxb1 30. Qxb1 Rf2 31. Rg1 Qxe3 32. Qg6 Qf4+ 33. Kh1 Qf7
34. Qd6 Rf5 35. Qd8+ Kh7 36. Qh4+ Qh5 37. Qxb4 e4 38. Qd2 Qf7 39. Rd1 Rf2 40.
Qg5 Rf5 41. Qd2 Qf6 42. Re1 Rf1+ 43. Rxf1 Qxf1+ 44. Kh2 Qf5 45. Kg1 Qe5 46. Qf2
Kg6 47. Qe2 Qd4+ 48. Kf1 Qf6+ 49. Ke1 Kf7 50. Qh5+ Ke6 51. Qg4+ Kd6 52. Qc8
Qa1+ 53. Kf2 Qxa2+ 54. Kg1 Qa1+ 55. Kh2 Qe5+ 56. Kg1 Qd4+ 57. Kh2 e3 58. Qb8+
Ke6 59. Qe8+ Kd6 60. Qd8+ Kc6 61. Qe8+ Kc5 62. Qe7+ Kb5 63. Qd7+ Kb4 64. Qa4+
Kc3 65. Qa1+ Kd3 66. Qd1+ Ke4 67. Qg4+ Kd3 68. Qd1+ Kc3 69. Qa1+ Kd3 1/2-1/2

[Event "Druzynowe Mistrzostwa Polski - II Liga S"]
[Site "Ustron/Slaski Zwiazek Szachowy"]
[Date "2008.09.14"]
[Round "9.43"]
[White "Pinkas, Karol"]
[Black "Bulski, Krzysztof"]
[Result "1/2-1/2"]
[WhiteElo "2317"]
[BlackElo "2388"]
[PlyCount "25"]
[EventDate "2008.??.??"]

1. e4 e5 2. Nc3 Nf6 3. Nf3 d6 4. d4 Nbd7 5. Bc4 Be7 6. O-O O-O 7. Re1 c6 8. a4
h6 9. h3 Re8 10. b3 b6 11. d5 cxd5 12. Nxd5 Bf8 13. a5 1/2-1/2

[Event "Druzynowe Mistrzostwa Polski - II Liga S"]
[Site "Ustron/Slaski Zwiazek Szachowy"]
[Date "2008.09.14"]
[Round "9.44"]
[White "Drozd, Ryszard"]
[Black "Tokarski, Bartosz"]
[Result "1/2-1/2"]
[WhiteElo "2261"]
[BlackElo "2157"]
[PlyCount "20"]
[EventDate "2008.??.??"]

1. d4 Nf6 2. c4 g6 3. Nc3 Bg7 4. e4 d6 5. f3 O-O 6. Be3 Nbd7 7. Qd2 c5 8. Nge2
a6 9. dxc5 dxc5 10. Nf4 Qa5 1/2-1/2

[Event "Druzynowe Mistrzostwa Polski - II Liga S"]
[Site "Ustron/Slaski Zwiazek Szachowy"]
[Date "2008.09.14"]
[Round "9.45"]
[White "Zowada, Kazimierz"]
[Black "Janiszewski, Maciej"]
[Result "1/2-1/2"]
[WhiteElo "2196"]
[BlackElo "2072"]
[PlyCount "32"]
[EventDate "2008.??.??"]

1. Nf3 Nf6 2. d4 g6 3. c4 Bg7 4. Nc3 O-O 5. h3 d5 6. cxd5 Nxd5 7. e4 Nxc3 8.
bxc3 c5 9. Bc4 Nc6 10. Be3 Qa5 11. O-O Qxc3 12. Rc1 Qa5 13. dxc5 Ne5 14. Nxe5
Bxe5 15. Qb3 Qc7 16. f4 Bg7 1/2-1/2

[Event "Druzynowe Mistrzostwa Polski - II Liga S"]
[Site "Ustron/Slaski Zwiazek Szachowy"]
[Date "2008.09.14"]
[Round "9.46"]
[White "Paczkowski, Adam"]
[Black "Guzik, Jolanta"]
[Result "1/2-1/2"]
[WhiteElo "2030"]
[BlackElo "2095"]
[PlyCount "23"]
[EventDate "2008.??.??"]

1. e4 e5 2. Nf3 Nc6 3. Bb5 Nf6 4. Nc3 Bc5 5. O-O O-O 6. d3 d6 7. Na4 Bb6 8.
Nxb6 axb6 9. h3 Ne7 10. Bc4 Ng6 11. Re1 Qe7 12. d4 1/2-1/2

[Event "Druzynowe Mistrzostwa Polski - II Liga S"]
[Site "Ustron/Slaski Zwiazek Szachowy"]
[Date "2008.09.14"]
[Round "9.47"]
[White "Siedlinski, Piotr"]
[Black "Matuszczyk, Krystian"]
[Result "1/2-1/2"]
[WhiteElo "1853"]
[BlackElo "1992"]
[PlyCount "26"]
[EventDate "2008.??.??"]

1. e4 d6 2. d4 g6 3. c3 Bg7 4. Nf3 Nf6 5. Bd3 O-O 6. O-O Nbd7 7. Bg5 c6 8. Nbd2
Qc7 9. Qc2 e5 10. dxe5 dxe5 11. Rad1 Re8 12. Rfe1 Nf8 13. Bc4 h6 1/2-1/2

[Event "Druzynowe Mistrzostwa Polski - II Liga S"]
[Site "Ustron/Slaski Zwiazek Szachowy"]
[Date "2008.09.14"]
[Round "9.56"]
[White "Mazalon, Mariusz"]
[Black "Kos, Pawel"]
[Result "1/2-1/2"]
[WhiteElo "2148"]
[BlackElo "2275"]
[PlyCount "21"]
[EventDate "2008.??.??"]

1. c4 Nf6 2. Nf3 g6 3. g3 Bg7 4. Bg2 O-O 5. O-O c6 6. d4 d5 7. cxd5 cxd5 8. Nc3
Ne4 9. Bd2 Nc6 10. e3 Bg4 11. h3 1/2-1/2

[Event "Druzynowe Mistrzostwa Polski - II Liga S"]
[Site "Ustron/Slaski Zwiazek Szachowy"]
[Date "2008.09.14"]
[Round "9.58"]
[White "Wozniak, Marcin"]
[Black "Bartoszek, Henryk"]
[Result "1/2-1/2"]
[WhiteElo "2130"]
[BlackElo "1981"]
[PlyCount "25"]
[EventDate "2008.??.??"]

1. Nf3 d5 2. g3 c5 3. Bg2 e6 4. O-O Nf6 5. c4 Be7 6. cxd5 exd5 7. d4 c4 8. b3
cxb3 9. axb3 O-O 10. Ba3 Nc6 11. Ne5 Ng4 12. Nxc6 bxc6 13. Bxe7 1/2-1/2

[Event "Druzynowe Mistrzostwa Polski - II Liga S"]
[Site "Ustron/Slaski Zwiazek Szachowy"]
[Date "2008.09.14"]
[Round "9.61"]
[White "Dobosz, Henryk"]
[Black "Niedzwiedz, Marek"]
[Result "1/2-1/2"]
[WhiteElo "2440"]
[BlackElo "2088"]
[PlyCount "33"]
[EventDate "2008.??.??"]

1. e4 d6 2. d4 Nf6 3. Nc3 g6 4. f4 Bg7 5. Nf3 O-O 6. Be3 c6 7. Qd2 b5 8. Bd3 a6
9. h3 Qc7 10. e5 dxe5 11. fxe5 Nd5 12. Nxd5 cxd5 13. Bh6 Nc6 14. Bxg7 Kxg7 15.
O-O f6 16. Qe3 Nb4 17. Rf2 1/2-1/2

[Event "Druzynowe Mistrzostwa Polski - II Liga S"]
[Site "Ustron/Slaski Zwiazek Szachowy"]
[Date "2008.09.14"]
[Round "9.62"]
[White "Graczyk, Konrad"]
[Black "Niemiec, Artur"]
[Result "1/2-1/2"]
[WhiteElo "1907"]
[BlackElo "2230"]
[PlyCount "26"]
[EventDate "2008.??.??"]

1. d4 Nf6 2. c4 e6 3. Nf3 d5 4. Nc3 c6 5. Bg5 Be7 6. e3 Nbd7 7. Bd3 O-O 8. O-O
Re8 9. Qc2 dxc4 10. Bxc4 Nd5 11. Bxe7 Qxe7 12. Nxd5 exd5 13. Bd3 g6 1/2-1/2

[Event "Druzynowe Mistrzostwa Polski - II Liga S"]
[Site "Ustron/Slaski Zwiazek Szachowy"]
[Date "2008.09.14"]
[Round "9.63"]
[White "Komorzycki, Jakub"]
[Black "Polok, Kacper"]
[Result "1/2-1/2"]
[WhiteElo "2139"]
[BlackElo "1903"]
[PlyCount "29"]
[EventDate "2008.??.??"]

1. Nf3 Nf6 2. g3 g6 3. Bg2 Bg7 4. O-O O-O 5. c4 c5 6. Nc3 Nc6 7. d3 d6 8. e4 e5
9. h3 Nd4 10. Nxd4 cxd4 11. Ne2 Ne8 12. g4 Rb8 13. Ng3 f5 14. exf5 gxf5 15.
gxf5 1/2-1/2

[Event "Druzynowe Mistrzostwa Polski - II Liga S"]
[Site "Ustron/Slaski Zwiazek Szachowy"]
[Date "2008.09.14"]
[Round "9.67"]
[White "Grabarczyk, Bogdan"]
[Black "Moskwinski, Tadeusz"]
[Result "1-0"]
[WhiteElo "2449"]
[BlackElo "2161"]
[PlyCount "89"]
[EventDate "2008.??.??"]

1. e4 d5 2. exd5 Qxd5 3. Nf3 Nf6 4. d4 Bg4 5. Be2 a6 6. c4 Qd8 7. h3 Bh5 8. Nc3
e6 9. Qb3 Qc8 10. g4 Bg6 11. Ne5 Nbd7 12. Nxg6 hxg6 13. Bf3 Rb8 14. Bg2 Be7 15.
O-O O-O 16. Re1 Re8 17. Be3 Nf8 18. a3 N6d7 19. Qc2 Bd6 20. b4 c6 21. Rac1 Qc7
22. Qd2 Rbc8 23. Ne4 Nf6 24. Nxd6 Qxd6 25. Bf4 Qd8 26. Rcd1 Qb6 27. g5 N6d7 28.
h4 Ra8 29. Rb1 Qd8 30. Rbd1 Qb6 31. Bg3 Qd8 32. c5 Rc8 33. a4 Nb8 34. Rb1 Nfd7
35. Red1 Qe7 36. Bd6 Qd8 37. b5 axb5 38. axb5 e5 39. dxe5 Nxe5 40. Qf4 Ned7 41.
Bxb8 Rxb8 42. Bh3 f5 43. bxc6 bxc6 44. Rxb8 Qxb8 45. Qc4+ 1-0

[Event "Druzynowe Mistrzostwa Polski - II Liga S"]
[Site "Ustron/Slaski Zwiazek Szachowy"]
[Date "2008.09.14"]
[Round "9.68"]
[White "Pazderski, Ziemowit"]
[Black "Duch, Mariusz"]
[Result "0-1"]
[WhiteElo "2197"]
[BlackElo "2269"]
[PlyCount "112"]
[EventDate "2008.??.??"]

1. d4 c5 2. d5 g6 3. e4 Bg7 4. Nc3 d6 5. Bb5+ Bd7 6. a4 Nf6 7. f4 O-O 8. Nf3
Bg4 9. O-O Na6 10. Bxa6 bxa6 11. Qd3 Bxf3 12. Rxf3 Qb6 13. a5 Qb7 14. Ra3 Rfb8
15. e5 dxe5 16. fxe5 Nd7 17. e6 Ne5 18. exf7+ Kh8 19. Qe4 Nxf3+ 20. Qxf3 Rf8
21. Ne4 Qxd5 22. Ng5 Rad8 23. Qf1 h6 24. Rh3 Qd1 25. Bf4 Bd4+ 26. Be3 Bxe3+ 27.
Rxe3 Qxf1+ 28. Kxf1 hxg5 29. Rxe7 Kg7 30. Ke2 Rxf7 31. Re5 Rc8 32. Rxg5 Rf5 33.
Rg4 c4 34. Rd4 Rc7 35. b3 cxb3 36. cxb3 Rxa5 37. Kd3 Ra2 38. Rg4 Rb2 39. b4
Rb3+ 40. Kd2 Rb7 41. Rc4 R3xb4 42. Rc6 Rb2+ 43. Ke3 Rxg2 44. h4 Rg4 45. h5 gxh5
46. Rxa6 Rg6 47. Ra5 Rh6 48. Kf3 h4 49. Kg2 h3+ 50. Kh2 Rb2+ 51. Kh1 a6 52.
Rg5+ Kf7 53. Rc5 Rd6 54. Rc1 a5 55. Kg1 a4 56. Kf1 h2 0-1

[Event "Druzynowe Mistrzostwa Polski - II Liga S"]
[Site "Ustron/Slaski Zwiazek Szachowy"]
[Date "2008.09.14"]
[Round "9.69"]
[White "Flak, Pawel"]
[Black "Krasiewicz, Robert"]
[Result "1-0"]
[WhiteElo "2120"]
[BlackElo "2136"]
[PlyCount "105"]
[EventDate "2008.??.??"]

1. d4 f5 2. g4 fxg4 3. h3 g3 4. fxg3 Nf6 5. Bg2 d5 6. Bf4 e6 7. e3 Bd6 8. Nf3
O-O 9. O-O c5 10. g4 cxd4 11. Bxd6 Qxd6 12. exd4 Nc6 13. c3 Bd7 14. Nbd2 e5 15.
dxe5 Nxe5 16. Nxe5 Qxe5 17. Qe1 Qd6 18. Qe3 b6 19. Qd4 Be6 20. Rae1 Rad8 21. g5
Ne4 22. Rxf8+ Qxf8 23. Rf1 Qc5 24. Qxc5 Nxc5 25. Nf3 Ne4 26. Nd4 Bf7 27. h4 Nd2
28. Rf2 Nc4 29. Nc6 Rd7 30. Bh3 Rc7 31. Nd8 Nd6 32. Nxf7 Nxf7 33. Be6 Kf8 34.
Bxd5 Ke8 35. Rxf7 Rxf7 36. Bxf7+ Kxf7 37. Kf2 Ke6 38. Ke3 Kf5 39. c4 a5 40. Kd4
Kg4 41. b4 axb4 42. c5 bxc5+ 43. Kxc5 Kxh4 44. Kxb4 Kxg5 45. a4 Kf4 46. a5 h5
47. a6 h4 48. a7 h3 49. a8=Q Kg3 50. Qb8+ Kg2 51. Qb7+ Kh2 52. Qc6 g5 53. Qe4
1-0

[Event "Druzynowe Mistrzostwa Polski - II Liga S"]
[Site "Ustron/Slaski Zwiazek Szachowy"]
[Date "2008.09.14"]
[Round "9.70"]
[White "Maciaga, Marcin"]
[Black "Wypych, Dominik"]
[Result "1-0"]
[WhiteElo "2180"]
[BlackElo "2085"]
[PlyCount "125"]
[EventDate "2008.??.??"]

1. e4 e6 2. d4 d5 3. exd5 exd5 4. Nf3 Nf6 5. Bd3 Bd6 6. O-O O-O 7. c4 dxc4 8.
Bxc4 Nc6 9. h3 h6 10. Nc3 Bf5 11. Re1 Re8 12. Be3 Qd7 13. Bf1 Nb4 14. Rc1 c6
15. a3 Nbd5 16. Bd2 Nxc3 17. Bxc3 Ne4 18. Qb3 Be6 19. Qa4 Bf4 20. Rcd1 Bd5 21.
Ne5 Qf5 22. Qc2 Nd6 23. Qxf5 Nxf5 24. g3 Bg5 25. h4 Bd8 26. Bh3 Be6 27. Nxc6
Bf6 28. Bxf5 Bxf5 29. Rxe8+ Rxe8 30. Ne5 Bxe5 31. dxe5 Rc8 32. f3 Be6 33. Kf2
Kf8 34. Ke3 Ke8 35. g4 g6 36. Rd2 Rd8 37. Bd4 a6 38. a4 Rc8 39. a5 Kf8 40. Ke4
Bb3 41. Bc3 Ba4 42. f4 Ke8 43. h5 gxh5 44. gxh5 Rd8 45. Bd4 Rc8 46. f5 Rc2 47.
Rd3 Rh2 48. Rg3 Rxh5 49. Rg8+ Kd7 50. e6+ fxe6 51. Rg7+ Ke8 52. fxe6 Bc6+ 53.
Kd3 Bd5 54. Bf6 Bxe6 55. Re7+ Kf8 56. Rxe6 Rxa5 57. Rb6 Rd5+ 58. Ke4 Rd7 59.
Kf5 Kf7 60. Be5 h5 61. Rh6 Ke8 62. Rh8+ Ke7 63. Rxh5 1-0

[Event "Druzynowe Mistrzostwa Polski - II Liga S"]
[Site "Ustron/Slaski Zwiazek Szachowy"]
[Date "2008.09.14"]
[Round "9.71"]
[White "Kurkowski, Zbigniew"]
[Black "Sliwinski, Marcin"]
[Result "1/2-1/2"]
[WhiteElo "2113"]
[BlackElo "2127"]
[PlyCount "136"]
[EventDate "2008.??.??"]

1. e4 c5 2. Nf3 Nf6 3. Nc3 Nc6 4. d4 cxd4 5. Nxd4 e5 6. Ndb5 d6 7. Bg5 a6 8.
Na3 b5 9. Nd5 Be7 10. Bxf6 Bxf6 11. c3 Ne7 12. Nc2 Bg5 13. Be2 Bb7 14. Nxe7
Qxe7 15. Bf3 O-O 16. O-O d5 17. exd5 e4 18. Be2 Rad8 19. c4 bxc4 20. Bxc4 Qe5
21. Qd4 Qxd4 22. Nxd4 Bxd5 23. Bxa6 Ra8 24. Bb5 Rfb8 25. a4 Rb6 26. Rad1 e3 27.
fxe3 Bxe3+ 28. Kh1 Rg6 29. Nf3 Bb7 30. Rd7 Rb8 31. Rfd1 Bb6 32. Bc4 Rf6 33.
R1d6 Bxf3 34. Rxf6 Bxg2+ 35. Kxg2 gxf6 36. Rxf7 Kh8 37. b4 Bd4 38. Rd7 Bc3 39.
b5 Ba5 40. Kf3 Rc8 41. Bd3 Rc3 42. Rxh7+ Kg8 43. Rd7 Ra3 44. h4 Rxa4 45. h5 Rh4
46. Bg6 Kf8 47. Ra7 Bd2 48. b6 Rb4 49. Rf7+ Kg8 50. b7 Bg5 51. Rc7 Bf4 52.
b8=Q+ Rxb8 53. Kxf4 Rf8 54. Kf5 Kh8 55. h6 Kg8 56. Bh5 Kh8 57. Kg6 f5 58. Be2
Rg8+ 59. Rg7 Rc8 60. Bf3 Rd8 61. Rh7+ Kg8 62. Ra7 Kh8 63. Re7 Rg8+ 64. Kxf5
Rf8+ 65. Kg6 Rg8+ 66. Rg7 Rd8 67. Bg4 Rd6+ 68. Kf7 Rf6+ 1/2-1/2

[Event "Druzynowe Mistrzostwa Polski - II Liga S"]
[Site "Ustron/Slaski Zwiazek Szachowy"]
[Date "2008.09.14"]
[Round "9.73"]
[White "Banasik, Krzysztof"]
[Black "Walach, Marcin"]
[Result "1-0"]
[WhiteElo "2215"]
[BlackElo "2410"]
[PlyCount "96"]
[EventDate "2008.??.??"]

1. e4 c5 2. Nc3 Nc6 3. g3 g6 4. Bg2 Bg7 5. Nge2 d6 6. d3 Nf6 7. O-O Bd7 8. h3
O-O 9. Be3 Ne8 10. Qd2 Nd4 11. f4 Nc7 12. Nd1 Qc8 13. Kh2 f5 14. Ng1 Rb8 15. c3
Nc6 16. Rc1 b6 17. Nf2 e6 18. d4 Rd8 19. Nf3 Be8 20. Rcd1 Qa6 21. b3 Qa5 22. c4
Nb4 23. a4 fxe4 24. Nxe4 d5 25. cxd5 Ncxd5 26. dxc5 Nxe3 27. Qxe3 Nd5 28. Qe1
Qxe1 29. Rfxe1 Nc3 30. Rxd8 Rxd8 31. cxb6 axb6 32. Nxc3 Bxc3 33. Rxe6 b5 34.
axb5 Bxb5 35. g4 Rd1 36. Rb6 Be2 37. Ng5 Bd2 38. Rb8+ Kg7 39. Rb7+ Kf8 40.
Nxh7+ Ke8 41. Nf6+ Kd8 42. Nd5 Rb1 43. Rb6 Ba5 44. Rd6+ Kc8 45. b4 Bd8 46. Nb6+
Kc7 47. Rc6+ Kb8 48. Rc8+ Ka7 1-0

[Event "Druzynowe Mistrzostwa Polski - II Liga S"]
[Site "Ustron/Slaski Zwiazek Szachowy"]
[Date "2008.09.14"]
[Round "9.74"]
[White "Kornasiewicz, Stanislaw"]
[Black "Tustanowski, Robert"]
[Result "0-1"]
[WhiteElo "2235"]
[BlackElo "2281"]
[PlyCount "116"]
[EventDate "2008.??.??"]

1. e4 d6 2. d4 Nf6 3. Nc3 Nbd7 4. Nf3 e5 5. dxe5 dxe5 6. Bc4 Be7 7. O-O O-O 8.
Qe2 c6 9. a4 Qc7 10. Bg5 Nc5 11. Bh4 Ne6 12. Bg3 Bd6 13. Rfd1 Nh5 14. Qd2 Rd8
15. Bh4 Be7 16. Qe3 Rxd1+ 17. Rxd1 f6 18. Ne2 Kf8 19. Bg3 Qb6 20. Qxb6 axb6 21.
b3 Nc5 22. Nd2 Nxg3 23. hxg3 Bd7 24. Nc3 Ne6 25. Nf3 Ke8 26. Kf1 Bc5 27. Ne2
Ke7 28. Ne1 Ng5 29. f3 h5 30. Nd3 Bd6 31. Nc3 g6 32. Kf2 Rf8 33. Ke2 Ne6 34.
Kd2 Nc5 35. Ne2 f5 36. Nxc5 Bxc5 37. Bd3 f4 38. gxf4 exf4 39. c3 Be3+ 40. Kc2
Rh8 41. e5 h4 42. Rh1 g5 43. Nd4 Rf8 44. Be4 Rd8 45. Rd1 Rf8 46. Rh1 c5 47. Nb5
Bc6 48. Nd6 Ke6 49. Bxc6 bxc6 50. Ne4 Rg8 51. Rd1 g4 52. Rd6+ Kxe5 53. Rh6 h3
54. Rh5+ Ke6 55. Rh6+ Ke7 56. Rh7+ Ke8 57. gxh3 g3 58. Rb7 Rg6 0-1